000 01195nam0a22002651 4500
001 rc\1084219
005 20260407072116.0
035 _a(NLR Aleph) 006332192
090 _a7556915
_c7556915
100 _a20041126d1984 |||y0rusy50 ca
101 0 _arus
102 _aRU
105 _ay |||||||||
200 1 _aИнтернационализация хозяйственной жизни капиталистических стран: противоречия и проблемы
_eРеф. сб.
_fАН СССР. ИНИОН
_g[Редкол.: Безруков А.И. к. э. н., отв. ред.-сост.]
210 _aМ.
_cИНИОН
_d1984
215 _a173 с.
_d20
225 1 _aСерия "Проблемы международных экономических отношений"
702 1 _4340
_7ca
_8rus
_aБезруков
_bА. И.
_gАндрей Иванович
_9226587
_3RU\NLR\AUTH\770226643
712 0 2 _aИнститут научной информации по общественным наукам
_cМосква
_9272425
_3RU\NLR\AUTH\88992
801 0 _aRU
_bNLR
_gpsbo
801 1 _aRU
_bELAR
_2rusmarc
852 _aNLR
_j84-3/12372
942 _cBOOK
980 _aNB